<?xml version="1.0" encoding="UTF-8"?>
<record
    xmlns:xsi="http://www.w3.org/2001/XMLSchema-instance"
    xsi:schemaLocation="http://www.loc.gov/MARC21/slim http://www.loc.gov/standards/marcxml/schema/MARC21slim.xsd"
    xmlns="http://www.loc.gov/MARC21/slim">

  <leader>00860nam a2200157   4500</leader>
  <controlfield tag="008">862.728.6 M778f</controlfield>
  <datafield tag="020" ind1=" " ind2=" ">
    <subfield code="a">9789930572047</subfield>
  </datafield>
  <datafield tag="082" ind1=" " ind2=" ">
    <subfield code="a">862.728.6</subfield>
    <subfield code="b">M778f</subfield>
  </datafield>
  <datafield tag="100" ind1=" " ind2=" ">
    <subfield code="a">Montero Zeled&#xF3;n, Mar&#xED;a</subfield>
    <subfield code="9">2761</subfield>
  </datafield>
  <datafield tag="245" ind1=" " ind2=" ">
    <subfield code="a">fieras dom&#xE9;sticas</subfield>
  </datafield>
  <datafield tag="260" ind1=" " ind2=" ">
    <subfield code="a">San Jos&#xE9;, Costa Rica</subfield>
    <subfield code="b">Ediciones Perro Azul </subfield>
    <subfield code="c">2019</subfield>
  </datafield>
  <datafield tag="300" ind1=" " ind2=" ">
    <subfield code="a">182 p.</subfield>
    <subfield code="c">14 x 21 cm</subfield>
  </datafield>
  <datafield tag="440" ind1=" " ind2=" ">
    <subfield code="a">Colecci&#xF3;n Cr&#xF3;nica No/Ficc&#xF3;n</subfield>
    <subfield code="9">7152</subfield>
  </datafield>
  <datafield tag="505" ind1=" " ind2=" ">
    <subfield code="t">I PARTE</subfield>
    <subfield code="t">Opera s&#xF3;rdida</subfield>
    <subfield code="t">El nombre de la rosa </subfield>
    <subfield code="t">Hermano Pedro </subfield>
    <subfield code="t">La unidad de tres</subfield>
    <subfield code="t">Retrato con fieras </subfield>
    <subfield code="t">Santa Sangre</subfield>
    <subfield code="t">Hoy es siempre todav&#xED;a </subfield>
    <subfield code="t">Un n&#xF3;mada a la deriva </subfield>
    <subfield code="t">II PARTE </subfield>
    <subfield code="t">El Ovnipresente</subfield>
    <subfield code="t">El Mercurio </subfield>
    <subfield code="t">La Rosa </subfield>
    <subfield code="t">El L&#xED;der </subfield>
    <subfield code="t">El Artista </subfield>
    <subfield code="t">El Soci&#xF3;logo</subfield>
    <subfield code="t">El Acelerado </subfield>
    <subfield code="t">El Alquimista </subfield>
    <subfield code="t">El Espa&#xF1;ol </subfield>
    <subfield code="t">El Rat&#xF3;n</subfield>
    <subfield code="t">El Chunch&#xF3;n</subfield>
    <subfield code="t">La Bandera</subfield>
    <subfield code="t">La Amorosa</subfield>
    <subfield code="t">La Joya</subfield>
    <subfield code="t">El Estilista </subfield>
  </datafield>
  <datafield tag="650" ind1=" " ind2=" ">
    <subfield code="x">literatura</subfield>
    <subfield code="x">no ficci&#xF3;n</subfield>
    <subfield code="x">relatos - prensa escrita </subfield>
    <subfield code="x">Costa Rica</subfield>
    <subfield code="9">7153</subfield>
  </datafield>
  <datafield tag="999" ind1=" " ind2=" ">
    <subfield code="c">1838</subfield>
    <subfield code="d">1838</subfield>
  </datafield>
  <datafield tag="952" ind1=" " ind2=" ">
    <subfield code="0">0</subfield>
    <subfield code="1">0</subfield>
    <subfield code="2">ddc</subfield>
    <subfield code="4">0</subfield>
    <subfield code="7">0</subfield>
    <subfield code="a">LV</subfield>
    <subfield code="b">LV</subfield>
    <subfield code="c">Literatura</subfield>
    <subfield code="d">2019-08-28</subfield>
    <subfield code="l">0</subfield>
    <subfield code="o">862.728.6 M778f</subfield>
    <subfield code="p">004836</subfield>
    <subfield code="r">2019-08-28 00:00:00</subfield>
    <subfield code="w">2019-08-28</subfield>
    <subfield code="y">01</subfield>
  </datafield>
</record>
